000 00729nam a22001817a 4500
003 LK-CoMWRAF
008 240109b1993 |||||||| |||| 00| 0 eng d
040 _aLK-CoMWRAF
_dLK-CoMWRAF
_eLK-CoMWRAF
041 _aeng
082 _a305.42
_bCON
111 _aCONSULTATION ON GENDER & DEVELOPMENT
_c(Bangalore,
_d24-26 June 1993)
245 _aWomen in India : reflecting on our history and shaping our future :
_b proceedings of a Consultation on Gender and Development jointly organised by CWDS and HIVOS
260 _aBangalore:
_bHumanistic Institute for Co-operation with Developing Countries,
_c[1994]
300 _a vi, 89 p. ; 30 cm
650 _a Women- India-Congresses
700 _aRamakrishna, Jamuna
_eed.
942 _cCP
999 _c4610
_d4610